000 00509nam a2200193 a 4500
001 1766561312038
003 YourLibrary
005 20251224125939.0
008 251224s2009##################000#0#eng##
020 _a9780737744644
082 0 4 _a616.904
_bMIL
100 1 _aMiller, Debra A.,
_eauthor.
245 1 0 _aResistant Infections :
260 _bGreenhaven Publishing,
_c2009.
300 _a208 pages
650 0 _aJuvenile Nonfiction.
942 _cENGLISH
040 _aYourLibrary
_beng
_cYourLibrary
999 _c604467
_d604467